[Event "Sygnity Ekstraliga 2016"]
[Site "Gorzow Wlkp. - Wroclaw - Katowice"]
[Date "1899-12-30"]
[Round "5.15"]
[White "Skawinski, Arkadiusz"]
[Black "Czarnota, Pawel"]
[Result "1/2-1/2"]
[WhiteTitle "FM"]
[BlackTitle "GM"]
[WhiteElo "2367"]
[BlackElo "2537"]

1. e4 c6 2. d4 d5 3. exd5 cxd5 4. c4 Nf6 5. Nc3 e6 6. Nf3 Bb4 7. Bd3 O-O 8. O-O
dxc4 9. Bxc4 Nbd7 10. Bg5 Be7 11. Re1 Nb6 12. Bb3 Bd7 13. Ne5 Rc8 14. Qd3 Bc6
15. Rad1 Nfd5 16. Nxc6 Rxc6 17. Nxd5 Bxg5 18. Nxb6 Rxb6 19. d5 exd5 20. Qxd5 Qf6
21. Re5 h6 22. Qe4 Qc6 23. g3 Bf6 24. Qxc6 Rxc6 25. Re2 Rc7 26. Red2 Rfc8 27.
Rd7 Be7 28. Ba4 a6 29. Rxc7 Rxc7 30. Rd7 Rxd7 31. Bxd7 a5 1/2-1/2

[Event "Sygnity Ekstraliga 2016"]
[Site "Gorzow Wlkp. - Wroclaw - Katowice"]
[Date "1899-12-30"]
[Round "5.16"]
[White "Warakomski, Tomasz"]
[Black "Plichta, Kamil"]
[Result "1-0"]
[WhiteTitle "IM"]
[BlackTitle "FM"]
[WhiteElo "2486"]
[BlackElo "2336"]

1. e4 Nf6 2. e5 Nd5 3. d4 d6 4. Nf3 dxe5 5. Nxe5 c6 6. Be2 Bf5 7. O-O Nd7 8. Nf3
e6 9. c4 N5f6 10. Bf4 Be7 11. Nc3 Ne4 12. d5 Nxc3 13. bxc3 c5 14. Bd3 O-O 15.
Bxf5 exf5 16. Qb1 Nb6 17. Qxf5 Nxc4 18. Rab1 b6 19. Qd3 Nd6 20. Ne5 Bf6 21. Nc6
Qd7 22. Bxd6 Qxd6 23. Rfe1 g6 24. c4 Rfc8 25. Qf3 Kg7 26. Rbd1 Rc7 27. Qg3 Qd7
28. a4 Rac8 29. h3 h5 30. a5 bxa5 31. Qa3 Qd6 32. Qxa5 Bd4 33. Nxd4 cxd4 34. Rxd4
Rxc4 35. Qxa7 Re8 36. Rf1 Qc5 37. Qxc5 Rxc5 38. d6 Rd8 39. Kh2 Rc3 40. Re1 Rc6
41. Red1 f6 42. h4 Kf7 43. f3 Rd7 44. g4 Ke6 45. gxh5 gxh5 46. Kg3 Rc5 47. Re4+
Kf7 48. Kf4 Rc6 49. Red4 Rc5 50. Rd5 Rc6 51. Kf5 Ra6 52. R1d4 Rc6 53. f4 Rc3 54.
Rb4 Rc6 55. Rb8 Rcxd6 56. Rxd6 Rxd6 57. Rb7+ Kf8 58. Kg6 Ra6 59. Rf7+ Kg8 60.
Rxf6 Ra5 61. Rb6 Kf8 62. f5 Ra4 63. Rb8+ Ke7 64. f6+ Ke6 65. Re8+ Kd7 66. f7 1-0

[Event "Sygnity Ekstraliga 2016"]
[Site "Gorzow Wlkp. - Wroclaw - Katowice"]
[Date "1899-12-30"]
[Round "5.17"]
[White "Brodowski, Piotr"]
[Black "Szelag, Marcin"]
[Result "0-1"]
[WhiteTitle "m"]
[BlackTitle "IM"]
[WhiteElo "2453"]
[BlackElo "2441"]

1. c4 g6 2. g3 Bg7 3. Bg2 c5 4. Nc3 Nc6 5. e3 e5 6. Nge2 Nge7 7. O-O O-O 8. f4
d6 9. d3 Rb8 10. fxe5 dxe5 11. Ne4 b6 12. Nf6+ Bxf6 13. Rxf6 Nb4 14. e4 Kg7 15.
Rf3 Bg4 16. Re3 Bxe2 17. Qxe2 Nec6 18. Qd2 Nd4 19. g4 Qg5 20. Qd1 Ne6 21. Rf3
Nf4 22. Rxf4 exf4 23. Qf3 Qe5 24. Bxf4 Qd4+ 25. Be3 Qxb2 26. Rf1 Nxd3 27. Kh1
Rbd8 28. Qh3 Kg8 29. Qh4 f6 30. Bh6 Rf7 31. Qg3 Qe5 0-1

[Event "Sygnity Ekstraliga 2016"]
[Site "Gorzow Wlkp. - Wroclaw - Katowice"]
[Date "1899-12-30"]
[Round "5.19"]
[White "Kempinski, Robert"]
[Black "Kryvoruchko, Yuriy"]
[Result "0-1"]
[WhiteTitle "GM"]
[BlackTitle "GM"]
[WhiteElo "2615"]
[BlackElo "2682"]

1. d4 Nf6 2. c4 e6 3. Nf3 d5 4. Nc3 Nbd7 5. Bf4 dxc4 6. e3 b5 7. Nxb5 Bb4+ 8. Nc3
Nd5 9. Rc1 N7b6 10. Bg5 f6 11. Bh4 O-O 12. Nd2 Ba6 13. Be2 c5 14. Nxd5 Nxd5 15.
a3 c3 16. axb4 cxd2+ 17. Qxd2 Bxe2 18. Qxe2 cxd4 19. exd4 Qd7 20. O-O Rab8 21.
Rfe1 Rfe8 22. Rc4 Rxb4 23. Rxb4 Nxb4 24. Qc4 Nc6 25. d5 Ne5 26. Qa2 exd5 27. f4
Nc4 28. Rxe8+ Qxe8 29. Qxa7 Nxb2 30. Qd4 Qb5 31. Qe3 Qd7 32. h3 Nc4 33. Qd4 h5
34. Qd3 Qe6 35. Kh2 Qe4 36. Qg3 Ne3 37. Qf2 d4 38. Bg3 d3 0-1

[Event "Sygnity Ekstraliga 2016"]
[Site "Gorzow Wlkp. - Wroclaw - Katowice"]
[Date "1899-12-30"]
[Round "5.20"]
[White "Piorun, Kacper"]
[Black "Mista, Aleksander"]
[Result "1/2-1/2"]
[WhiteTitle "GM"]
[BlackTitle "GM"]
[WhiteElo "2676"]
[BlackElo "2593"]

1. e4 c5 2. Nf3 Nc6 3. Bb5 a6 4. Bxc6 dxc6 5. d3 Qc7 6. Be3 e5 7. Nbd2 Bd6 8. h3
Ne7 9. Nc4 Ng6 10. Qd2 a5 11. Nxd6+ Qxd6 12. Qc3 b6 13. g3 O-O 14. h4 Re8 15.
h5 Nf8 16. h6 g6 17. Nd2 Be6 18. f4 f6 19. Nc4 Bxc4 20. Qxc4+ Qe6 21. f5 Qxc4
22. dxc4 Kf7 23. g4 g5 24. Ke2 Red8 25. c3 Nd7 26. b3 Ke7 27. a3 Ra7 28. Rhd1
Nf8 29. Rdb1 Nd7 30. Ra2 Raa8 31. Rc2 Kd6 32. b4 Kc7 33. Rd2 axb4 34. axb4 cxb4
35. cxb4 Nf8 36. Rxd8 Rxd8 37. Ra1 Kb7 38. Ra2 Nd7 39. Rd2 Kc7 40. Ra2 Kb7 41.
Rd2 Kc7 42. Ra2 1/2-1/2

[Event "Sygnity Ekstraliga 2016"]
[Site "Gorzow Wlkp. - Wroclaw - Katowice"]
[Date "1899-12-30"]
[Round "5.21"]
[White "Kriebel, Tadeas"]
[Black "Dragun, Kamil"]
[Result "0-1"]
[WhiteTitle "IM"]
[BlackTitle "GM"]
[WhiteElo "2489"]
[BlackElo "2599"]

1. e4 e5 2. Nf3 Nc6 3. Bb5 a6 4. Ba4 Nf6 5. O-O Be7 6. Re1 b5 7. Bb3 d6 8. c3 O-O
9. h3 Nb8 10. d4 Nbd7 11. Nbd2 c5 12. Nf1 Re8 13. Ng3 Bf8 14. Ng5 c4 15. Bc2 g6
16. f4 Bg7 17. Nf3 Qc7 18. f5 exd4 19. cxd4 Bb7 20. Bf4 b4 21. Rc1 Qb6 22. Kh2
Rac8 23. Ng5 Re7 24. Qd2 h6 25. Nxf7 g5 26. Nxd6 gxf4 27. Qxf4 Qxd4 28. Nxc8 Bxc8
29. Qc7 Re8 30. Rcd1 Qe5 31. Qxc4+ Kh8 32. Re3 Qxb2 33. Bb3 Ne5 34. Qe2 Qxe2 35.
Rxe2 Bd7 36. Rd6 a5 37. Red2 a4 38. Be6 Bxe6 39. Rxe6 Rb8 40. Kg1 Rb5 41. Rdd6
Nc4 42. Rxf6 Bxf6 43. Rxf6 b3 44. axb3 axb3 45. Rxh6+ Kg7 46. Rc6 b2 47. Nh5+
Kf8 48. Rc8+ Ke7 49. Rxc4 b1=Q+ 50. Kh2 Qf1 51. Rc6 Rb1 52. Rg6 Re1 53. Rg4 Qg1+
54. Kg3 Re3+ 55. Kf4 Re2 56. g3 Qc1+ 57. Ke5 Qc7+ 0-1

[Event "Sygnity Ekstraliga 2016"]
[Site "Gorzow Wlkp. - Wroclaw - Katowice"]
[Date "1899-12-30"]
[Round "5.22"]
[White "Krasenkow, Michal"]
[Black "Sieciechowicz, Marcin"]
[Result "1-0"]
[WhiteTitle "GM"]
[BlackTitle "IM"]
[WhiteElo "2610"]
[BlackElo "2437"]

1. d4 Nf6 2. c4 c6 3. Nf3 d5 4. e3 g6 5. Be2 Bg7 6. O-O O-O 7. b3 Bg4 8. Bb2 e6
9. Nbd2 Nbd7 10. h3 Bxf3 11. Nxf3 Re8 12. Qc2 Bf8 13. Bd3 Rc8 14. c5 Bg7 15. b4
Nf8 16. b5 N6d7 17. Rab1 b6 18. Ba3 bxc5 19. dxc5 cxb5 20. Bxb5 Qa5 21. Qa4 Qxa4
22. Bxa4 Red8 23. Rfc1 Ne5 24. Nxe5 Bxe5 25. c6 Bc7 26. Rb7 e5 27. Rxa7 d4 28.
exd4 exd4 29. Bb3 d3 30. Rd1 Ne6 31. Be7 Re8 32. Bxe6 fxe6 33. Bf6 Rf8 34. Bc3
Rf7 35. g3 Rd8 36. Rxc7 Rxc7 37. Ba5 Rdc8 38. Bxc7 Rxc7 39. Rxd3 Rxc6 40. a4 Rc1+
41. Kg2 Ra1 42. Rd8+ Kf7 43. Ra8 Ra3 44. a5 Kg7 45. a6 Kf7 46. a7 Kg7 47. f4 h6
48. Kf2 g5 49. Ke2 gxf4 50. gxf4 h5 51. Kd2 Kh7 52. Kc2 Kg7 53. Kb2 Ra4 54. Kb3
Ra1 55. h4 Kh7 56. Kb4 Ra6 57. Kb5 Ra1 58. Kb6 Rb1+ 59. Kc6 Ra1 60. Kd6 Ra6+ 61.
Kd7 Kg7 62. Ke7 Kh7 63. Kf6 1-0

[Event "Sygnity Ekstraliga 2016"]
[Site "Gorzow Wlkp. - Wroclaw - Katowice"]
[Date "1899-12-30"]
[Round "5.23"]
[White "Zawadzki, Stanislaw"]
[Black "Kanarek, Marcel"]
[Result "1-0"]
[WhiteTitle "IM"]
[BlackTitle "IM"]
[WhiteElo "2431"]
[BlackElo "2535"]

1. d4 Nf6 2. c4 g6 3. f3 Bg7 4. e4 d6 5. Nc3 O-O 6. Bg5 c5 7. d5 h6 8. Be3 e6 9.
Qd2 exd5 10. cxd5 h5 11. Bg5 a6 12. a4 Qa5 13. Ra3 Re8 14. Nge2 Nbd7 15. Nc1 Ne5
16. Be2 c4 17. O-O Qc7 18. Kh1 Rb8 19. b4 cxb3 20. Rxb3 Nc4 21. Bxc4 Qxc4 22.
Qe2 Qxe2 23. N1xe2 Nd7 24. Rfb1 b5 25. axb5 Nc5 26. Ra3 axb5 27. Rxb5 Bd7 28.
Rxb8 Rxb8 29. Bf4 Rb6 30. h4 f5 31. exf5 Bxf5 32. Ng3 Nd3 33. Nxf5 gxf5 34. Be3
Rb4 35. Kg1 f4 36. Ne2 fxe3 37. Rxd3 Rxh4 38. f4 Rg4 39. Rxe3 Bh6 40. Re4 Kf7
41. Kf2 Rg6 42. Kf3 Rf6 43. Ra4 Kg6 44. g3 Rf5 45. Ke4 Rf8 46. Ra6 Re8+ 47. Kf3
Bf8 48. Nd4 Re1 49. Ne6 Be7 50. Ra7 Kf6 51. Ng5 Bd8 52. Ne4+ Kg6 53. Rd7 Ba5 54.
Rxd6+ Kg7 55. Re6 Rd1 56. Re5 Kh6 57. d6 Bb6 58. Ke2 Rd4 59. f5 Kg7 60. f6+ Kg6
61. Re8 Ba5 62. Ke3 Rd5 63. Rg8+ Kf7 64. Rg7+ Ke8 65. Re7+ Kf8 66. Rb7 Be1 67.
Rb8+ Kf7 68. Rb7+ Kf8 69. Kf4 Ba5 70. d7 Bd8 71. Ng5 Rd4+ 1-0

[Event "Sygnity Ekstraliga 2016"]
[Site "Gorzow Wlkp. - Wroclaw - Katowice"]
[Date "1899-12-30"]
[Round "5.24"]
[White "Zawadzka, Beata"]
[Black "Szczepkowska-horowska, Karina"]
[Result "1/2-1/2"]
[WhiteTitle "WGM"]
[BlackTitle "WGM"]
[WhiteElo "2320"]
[BlackElo "2411"]

1. d4 Nf6 2. c3 d5 3. Bg5 Nbd7 4. Nf3 e6 5. Nbd2 Be7 6. e3 c5 7. Bd3 cxd4 8. exd4
Nh5 9. Bxe7 Qxe7 10. O-O Nf4 11. Bc2 b6 12. g3 Ng6 13. Qe2 O-O 14. h4 Re8 15.
Rae1 Ngf8 16. Bd3 Bb7 17. Ne5 f6 18. Nxd7 Qxd7 19. f4 Qd6 20. Nf3 Re7 21. Kh2
Rae8 22. Qc2 Qc7 23. Rf2 Qc8 24. Rfe2 Ba6 25. Re3 Bxd3 26. Qxd3 Qc7 27. R1e2 Kf7
28. Re1 Kg8 29. R1e2 Kf7 30. Re1 Kg8 31. R1e2 Kf7 32. f5 exf5 33. Rxe7+ Rxe7 34.
Rxe7+ Qxe7 35. Qxf5 Qd6 36. Qc8 Qe6 1/2-1/2

[Event "Sygnity Ekstraliga 2016"]
[Site "Gorzow Wlkp. - Wroclaw - Katowice"]
[Date "1899-12-30"]
[Round "6.1"]
[White "Bartel, Mateusz"]
[Black "Klekowski, Maciej"]
[Result "1-0"]
[WhiteTitle "GM"]
[BlackTitle "IM"]
[WhiteElo "2640"]
[BlackElo "2439"]

1. e4 c5 2. Nf3 e6 3. d4 cxd4 4. Nxd4 Nc6 5. Nc3 a6 6. Qd3 Qc7 7. Nxc6 bxc6 8.
Qg3 Qxg3 9. hxg3 d5 10. Bf4 Nf6 11. Na4 Bb7 12. exd5 Nxd5 13. Be5 c5 14. b3 f6
15. Bb2 Nb4 16. O-O-O Nxa2+ 17. Kb1 Nb4 18. Bc4 Be4 19. Rd2 e5 20. f4 Be7 21.
Re1 Bg6 22. fxe5 fxe5 23. Bxe5 Rd8 24. Bd6 Rxd6 25. Rxd6 Nxc2 26. Rxg6 Nxe1 27.
Re6 Nxg2 28. Re2 Rf8 29. Rxg2 Rf3 30. Kc2 h5 31. Bxa6 g6 32. Be2 Re3 33. Nb6 h4
34. Bb5+ Kf7 35. Rf2+ Kg7 36. Nd5 hxg3 37. Rg2 Re5 38. Nxe7 Rxe7 39. Rxg3 Re5
40. Kd3 Kf6 41. Re3 Rf5 42. Kc4 g5 43. Bd7 1-0

[Event "Sygnity Ekstraliga 2016"]
[Site "Gorzow Wlkp. - Wroclaw - Katowice"]
[Date "1899-12-30"]
[Round "6.3"]
[White "Mastrovasilis, Dimitrios"]
[Black "Leniart, Arkadiusz"]
[Result "1-0"]
[WhiteTitle "GM"]
[BlackTitle "IM"]
[WhiteElo "2606"]
[BlackElo "2488"]

1. e4 e5 2. Nf3 Nc6 3. Bb5 a6 4. Ba4 Nf6 5. O-O Be7 6. Re1 b5 7. Bb3 d6 8. c3 O-O
9. d4 Bg4 10. d5 Na5 11. Bc2 c6 12. h3 Bc8 13. dxc6 Qc7 14. Nbd2 Qxc6 15. Nf1
Bb7 16. Ng3 g6 17. Bh6 Rfe8 18. Rc1 Qc7 19. Bd3 Nc4 20. Qe2 Nb6 21. Nd2 Nfd7 22.
a3 Bf8 23. Bxf8 Nxf8 24. c4 bxc4 25. Nxc4 Nxc4 26. Bxc4 Qe7 27. b4 Rec8 28. Rc3
Ne6 29. Rec1 Nd4 30. Qe3 Kg7 31. Ne2 Nxe2+ 32. Bxe2 Rxc3 33. Rxc3 Rc8 34. Rxc8
Bxc8 35. Qb6 Qb7 36. Qxd6 Qxe4 37. Bxa6 Bxa6 38. Qxa6 Qe1+ 39. Qf1 Qc3 40. Qe2
f5 41. Qe3 Qa1+ 42. Kh2 f4 43. Qe4 Kh6 44. b5 Qb2 45. a4 g5 46. Qc6+ Kg7 47. Qb7+
Kf6 48. a5 h5 49. Qc6+ Kf5 50. f3 Qf2 51. Qe4+ Kf6 52. b6 g4 53. hxg4 hxg4 54.
fxg4 Qh4+ 55. Kg1 Qxg4 56. Qc6+ Kg5 57. Qd5 Qe2 58. Qg8+ Kf6 59. Qh8+ Kg5 60.
Qg7+ Kf5 61. Qf7+ Kg5 62. Kh2 Qe1 63. Qg8+ Kf5 64. Qb3 e4 65. Qh3+ Kg5 66. b7
Qb1 67. Qh7 Qe1 68. Qg7+ Kf5 69. Qf7+ Kg5 70. Qd5+ Kg4 71. Qd7+ Kg5 72. Qh3 Qb1
73. a6 e3 74. Qd7 Qe1 75. Qg7+ Kf5 76. Qf7+ Kg5 77. Qd5+ Kh4 78. Qf3 Qg3+ 79.
Kg1 Qe1+ 80. Kh2 Qg3+ 81. Kg1 Qe1+ 82. Qf1 Qb4 83. a7 e2 84. Qxe2 Qxb7 85. Qa2
Qa8 86. Qa3 Kg5 87. Kf2 Kf5 88. Qc5+ Kg4 89. Qa5 Kh4 90. Qa3 Kg5 91. g3 fxg3+
92. Qxg3+ Kh6 93. Qh3+ 1-0

[Event "Sygnity Ekstraliga 2016"]
[Site "Gorzow Wlkp. - Wroclaw - Katowice"]
[Date "1899-12-30"]
[Round "6.4"]
[White "Mikrut, Dariusz"]
[Black "Wieczorek, Oskar"]
[Result "1/2-1/2"]
[WhiteTitle "IM"]
[BlackTitle "IM"]
[WhiteElo "2376"]
[BlackElo "2432"]

1. d4 Nf6 2. c4 g6 3. Nc3 Bg7 4. e4 d6 5. Nge2 O-O 6. f3 c5 7. d5 e6 8. Ng3 exd5
9. cxd5 a6 10. a4 Nbd7 11. Be2 h5 12. O-O Re8 13. Bg5 Qc7 14. Qd2 Nh7 15. Bh6
Ndf6 16. Bxg7 Kxg7 17. Nh1 Bd7 18. Nf2 Qa5 19. Nfd1 b5 20. Ne3 Qb6 21. Kh1 h4
22. a5 Qa7 23. b4 cxb4 24. Ncd1 Rac8 25. Qxb4 Qc5 26. Qd2 Nh5 27. Nf2 N7f6 28.
Rac1 Qa7 29. Rxc8 Rxc8 30. Neg4 Qc5 31. Qh6+ Kg8 32. Nxf6+ Nxf6 33. Qxh4 Qd4 34.
Rd1 Qe3 1/2-1/2

[Event "Sygnity Ekstraliga 2016"]
[Site "Gorzow Wlkp. - Wroclaw - Katowice"]
[Date "1899-12-30"]
[Round "6.5"]
[White "Dobrowolski, Piotr"]
[Black "Barski, Radoslaw"]
[Result "0-1"]
[WhiteTitle "IM"]
[BlackTitle "k++"]
[WhiteElo "2433"]
[BlackElo "2333"]

1. e4 c5 2. Nf3 d6 3. d4 cxd4 4. Nxd4 Nf6 5. Nc3 a6 6. Be3 e5 7. Nf3 Qc7 8. a4
Be7 9. a5 Nbd7 10. Nd2 b5 11. axb6 Nxb6 12. Bxb6 Qxb6 13. Bb5+ Kf8 14. Nc4 Qc5
15. Qd3 Bb7 16. Ba4 g6 17. O-O Kg7 18. Rfd1 Rhd8 19. Ne3 a5 20. Bb3 Rab8 21. Ra2
Rdc8 22. Ra4 Bc6 23. Rc4 Qa7 24. Ra1 Nd7 25. Rxc6 Rxc6 26. Qd5 Rxb3 27. Qxb3 Nc5
28. Qd5 Ra6 29. Nc4 a4 30. g3 Qb8 31. Kg2 h5 32. h4 Qb4 33. Ra3 Ne6 34. Qd3 Nc5
35. Qe2 Qb7 36. Nd5 Ra8 37. b4 Ne6 38. Na5 Qd7 39. Nb6 Qd8 40. Nxa8 Qxa8 41. Qc4
Nd4 42. f3 g5 43. hxg5 Bxg5 44. Rd3 a3 45. Rxa3 h4 46. gxh4 Bf4 47. Ra1 Kf6 48.
Qd3 Qg8+ 49. Kf1 Qg3 50. Ra3 Qh3+ 51. Kf2 Qh2+ 52. Kf1 Qh1+ 53. Kf2 Bh2 54. Ra1
Qxa1 55. Qf1 Qb2 56. Kg2 Bf4 0-1

[Event "Sygnity Ekstraliga 2016"]
[Site "Gorzow Wlkp. - Wroclaw - Katowice"]
[Date "1899-12-30"]
[Round "6.6"]
[White "Leks, Maria"]
[Black "Zawadzka, Jolanta"]
[Result "0-1"]
[WhiteTitle "WCM"]
[BlackTitle "WGM"]
[WhiteElo "2126"]
[BlackElo "2442"]

1. e4 c5 2. Nf3 e6 3. d4 cxd4 4. Nxd4 Nc6 5. Nc3 Qc7 6. Be3 Nf6 7. Qf3 Be7 8. Be2
O-O 9. O-O-O Nxd4 10. Bxd4 e5 11. Qg3 d6 12. Be3 Kh8 13. f4 Bd7 14. f5 Rfc8 15.
Bd3 b5 16. Bg5 Bc6 17. h4 b4 18. Bxf6 Bxf6 19. Nd5 Bxd5 20. exd5 e4 21. Bxe4 Qc4
22. Qd3 Qxa2 23. Kd2 Qxb2 24. Rb1 Qc3+ 25. Qxc3 Bxc3+ 26. Kd3 a5 27. f6 Bxf6 28.
c4 a4 29. Bf5 Rcb8 0-1

[Event "Sygnity Ekstraliga 2016"]
[Site "Gorzow Wlkp. - Wroclaw - Katowice"]
[Date "1899-12-30"]
[Round "6.7"]
[White "Kryvoruchko, Yuriy"]
[Black "Heberla, Bartlomiej"]
[Result "1/2-1/2"]
[WhiteTitle "GM"]
[BlackTitle "GM"]
[WhiteElo "2682"]
[BlackElo "2541"]

1. e4 c5 2. Nf3 Nc6 3. d4 cxd4 4. Nxd4 e5 5. Nb5 a6 6. Nd6+ Bxd6 7. Qxd6 Qf6 8.
Qxf6 Nxf6 9. Nc3 Nb4 10. Kd2 d6 11. a3 Nc6 12. Bd3 Be6 13. f3 d5 14. exd5 Nxd5
15. Nxd5 Bxd5 16. Ke3 O-O 17. Bd2 f5 18. Bc3 Rae8 19. Rhd1 e4 20. fxe4 Bxe4 21.
Bxe4 Rxe4+ 22. Kf2 Rfe8 23. Rd7 Re2+ 24. Kf1 R2e7 25. Rad1 Kf7 26. Kf2 Rxd7 27.
Rxd7+ Re7 28. Rd6 Rc7 29. h4 Ke7 30. Rd2 Ke6 31. Kg3 g6 32. Kf4 Ne7 33. Kg5 Rc4
34. Rd4 Rxd4 35. Bxd4 Kf7 36. c4 Nc6 37. Bc3 Nd8 38. Bd2 Kg7 39. Kf4 Kf6 40. Bc3+
Ke6 41. Ke3 Kd6 42. Bb4+ Ke5 43. Bc3+ Kd6 44. Bb4+ Ke5 45. Ke4+ 1/2-1/2

[Event "Sygnity Ekstraliga 2016"]
[Site "Gorzow Wlkp. - Wroclaw - Katowice"]
[Date "1899-12-30"]
[Round "6.8"]
[White "Antoniewski, Rafal"]
[Black "Piorun, Kacper"]
[Result "1/2-1/2"]
[WhiteTitle "GM"]
[BlackTitle "GM"]
[WhiteElo "2532"]
[BlackElo "2676"]

1. e4 c6 2. d4 d5 3. Nd2 dxe4 4. Nxe4 Bf5 5. Ng3 Bg6 6. Nh3 e6 7. Nf4 Bd6 8. h4
Qc7 9. Nxg6 hxg6 10. Ne4 Bf4 11. Bxf4 Qxf4 12. Ng5 Nd7 13. g3 Qf6 14. Qd2 Nh6
15. O-O-O O-O-O 16. Bh3 Kb8 17. Rhe1 Nb6 18. Ne4 Qe7 19. Nc5 Nf5 20. Qf4+ Nd6
21. Bg2 Nd5 22. Qe5 Rh5 23. Qe2 Nb6 24. c3 Qc7 25. Bf3 Rhh8 26. Nd3 Rhe8 27. Kb1
Rh8 28. Ka1 Nf5 29. Nc5 Nd7 30. Nxd7+ Rxd7 1/2-1/2

[Event "Sygnity Ekstraliga 2016"]
[Site "Gorzow Wlkp. - Wroclaw - Katowice"]
[Date "1899-12-30"]
[Round "6.9"]
[White "Dragun, Kamil"]
[Black "Bobras, Piotr"]
[Result "1/2-1/2"]
[WhiteTitle "GM"]
[BlackTitle "GM"]
[WhiteElo "2599"]
[BlackElo "2518"]

1. d4 Nf6 2. c4 g6 3. Nc3 Bg7 4. e4 d6 5. Bd3 O-O 6. Nge2 Nc6 7. O-O Nd7 8. Be3
e5 9. d5 Nd4 10. Nb5 Nxb5 11. cxb5 f5 12. f3 f4 13. Bf2 g5 14. Qc2 Nf6 15. Rfc1
Ne8 16. Kf1 g4 17. fxg4 f3 18. gxf3 Rxf3 19. Ng1 Rf7 20. Kg2 Qg5 21. h3 h5 22.
Rf1 hxg4 23. h4 Qg6 24. Bg3 Nf6 25. Ne2 Bd7 26. Rf2 Raf8 27. Raf1 Bh6 28. Nd4
exd4 29. e5 Qg7 30. exf6 Rxf6 1/2-1/2

[Event "Sygnity Ekstraliga 2016"]
[Site "Gorzow Wlkp. - Wroclaw - Katowice"]
[Date "1899-12-30"]
[Round "6.10"]
[White "Maksimenko, Andrei"]
[Black "Krasenkow, Michal"]
[Result "1/2-1/2"]
[WhiteTitle "GM"]
[BlackTitle "GM"]
[WhiteElo "2477"]
[BlackElo "2610"]

1. d4 Nf6 2. c4 g6 3. Nc3 d5 4. Nf3 Bg7 5. Bf4 O-O 6. e3 c5 7. dxc5 Qa5 8. Rc1
dxc4 9. Bxc4 Qxc5 10. Bb3 Bg4 11. O-O Qh5 12. h3 Bxf3 13. Qxf3 Qxf3 14. gxf3 Nc6
15. Rfd1 Rfd8 16. Ba4 Nb4 17. Rxd8+ Rxd8 18. a3 Na6 19. Be5 Nc5 20. Bc2 Ne8 21.
f4 Kf8 22. Ne4 Nxe4 23. Bxe4 b6 24. Kf1 f6 25. Bc3 f5 26. Bf3 Bxc3 27. Rxc3 e6
28. Ke2 Ke7 29. h4 Nd6 30. Rc7+ Rd7 31. Rc6 1/2-1/2

[Event "Sygnity Ekstraliga 2016"]
[Site "Gorzow Wlkp. - Wroclaw - Katowice"]
[Date "1899-12-30"]
[Round "6.11"]
[White "Kanarek, Marcel"]
[Black "Jaracz, Pawel"]
[Result "1-0"]
[WhiteTitle "IM"]
[BlackTitle "GM"]
[WhiteElo "2535"]
[BlackElo "2481"]

1. e4 c6 2. d4 d5 3. Nc3 dxe4 4. Nxe4 Bf5 5. Ng3 Bg6 6. h4 h6 7. Nf3 Nd7 8. h5
Bh7 9. Bd3 Bxd3 10. Qxd3 e6 11. Bf4 Qa5+ 12. Bd2 Bb4 13. Ne4 Bxd2+ 14. Nfxd2 Ngf6
15. Nd6+ Ke7 16. Nxb7 Qb4 17. Qb3 Qxd4 18. O-O-O Rab8 19. Nc4 Qf4+ 20. Kb1 Rxb7
21. Qxb7 Qxc4 22. Qxa7 c5 23. Rh3 Rb8 24. b3 Qb5 25. Qc7 Rb7 26. Qd6+ Ke8 27.
Re3 Rb6 28. Qc7 Rc6 29. Qa7 Ra6 30. Qc7 Rc6 31. Qa7 Ra6 32. Qc7 Nxh5 33. Qc8+
Ke7 34. Rxd7+ Qxd7 35. Qxa6 Qd1+ 36. Kb2 Qd4+ 37. Rc3 Nf4 38. Qa7+ Kd6 39. Qb6+
1-0

[Event "Sygnity Ekstraliga 2016"]
[Site "Gorzow Wlkp. - Wroclaw - Katowice"]
[Date "1899-12-30"]
[Round "6.12"]
[White "Jaracz, Barbara"]
[Black "Zawadzka, Beata"]
[Result "1/2-1/2"]
[WhiteTitle "WGM"]
[BlackTitle "WGM"]
[WhiteElo "2228"]
[BlackElo "2320"]

1. e4 g6 2. d4 Bg7 3. Nf3 c5 4. c3 cxd4 5. cxd4 d5 6. e5 Nc6 7. h3 Nh6 8. Nc3 O-O
9. Bb5 f6 10. O-O Nf7 11. exf6 exf6 12. Re1 a6 13. Bxc6 bxc6 14. Na4 Qd6 15. Be3
g5 16. Nb6 Rb8 17. Nxc8 Rfxc8 18. b3 Qd7 19. Qd3 a5 20. h4 h6 21. Bd2 Ra8 22.
hxg5 fxg5 23. Qg6 Nh8 24. Qd3 Nf7 25. Qg6 Nh8 26. Qd3 Nf7 27. Qg6 1/2-1/2

[Event "Sygnity Ekstraliga 2016"]
[Site "Gorzow Wlkp. - Wroclaw - Katowice"]
[Date "1899-12-30"]
[Round "6.13"]
[White "Tomczak, Jacek"]
[Black "Kempinski, Robert"]
[Result "1-0"]
[WhiteTitle "GM"]
[BlackTitle "GM"]
[WhiteElo "2588"]
[BlackElo "2615"]

1. e4 c5 2. Nf3 d6 3. d4 cxd4 4. Nxd4 Nf6 5. Nc3 e6 6. f4 a6 7. Qf3 Qc7 8. Be3
b5 9. a3 Nbd7 10. Bd3 Bb7 11. g4 Nb6 12. f5 e5 13. Nde2 Nc4 14. g5 Nd7 15. Bc1
Be7 16. a4 bxa4 17. Nd5 Bxd5 18. exd5 Rb8 19. Ra2 Qc5 20. Qe4 Ndb6 21. Nc3 a3
22. b4 Qd4 23. Qxd4 exd4 24. Ne4 O-O 25. f6 Bd8 26. O-O Bc7 27. fxg7 Kxg7 28.
Nf6 Bd8 29. Rf4 Bxf6 30. gxf6+ Kh8 31. Rxd4 Ne5 32. Kf2 Rg8 33. h3 Nxd3+ 34. Rxd3
Nc4 35. Bxa3 Rg5 36. Bc1 Rf5+ 37. Rf3 Rxd5 38. Rxa6 h5 39. Rf4 Rxb4 40. Ba3 Rd2+
41. Kg3 Nxa3 42. Rxb4 Nxc2 43. Rb7 Kh7 44. Rxf7+ Kg6 45. Rd7 1-0

[Event "Sygnity Ekstraliga 2016"]
[Site "Gorzow Wlkp. - Wroclaw - Katowice"]
[Date "1899-12-30"]
[Round "6.14"]
[White "Mista, Aleksander"]
[Black "Olszewski, Michal"]
[Result "1/2-1/2"]
[WhiteTitle "GM"]
[BlackTitle "GM"]
[WhiteElo "2593"]
[BlackElo "2548"]

1. Nf3 Nf6 2. c4 g6 3. b3 Bg7 4. Bb2 d6 5. g3 c5 6. Bg2 Nc6 7. O-O O-O 8. e3 e5
9. Nc3 Nh5 10. Ne1 f5 11. f4 Nf6 12. Nd3 e4 13. Nf2 d5 14. cxd5 Nxd5 15. Qc1 Ndb4
16. Na4 Bxb2 17. Nxb2 Be6 18. Rd1 Qe7 19. d3 exd3 20. Nbxd3 c4 21. bxc4 Rac8 22.
Qc3 Bf7 23. a3 Nxd3 24. Rxd3 Nb8 25. Rd5 Nd7 26. g4 Qf6 27. Rd4 Nb6 28. Bf1 Nxc4
29. g5 Qe6 30. Bxc4 Rxc4 31. Qd2 Re8 32. Rxc4 Qxc4 33. Rc1 Qd5 34. Qxd5 Bxd5 35.
Nd3 Kf7 36. Ne5+ Ke6 37. Kf2 b5 38. Ke2 Kd6 39. Kd3 Rb8 40. Kd4 a5 41. Rc5 Bg2
42. a4 bxa4 43. Nc4+ Ke6 44. Re5+ Kf7 45. Nd6+ Kf8 46. Rxa5 Ra8 47. Rxa8+ Bxa8
48. Nb5 Bc6 49. Nc3 Ke7 50. Kc5 Kd7 51. h4 Kc7 52. Ne2 Bf3 53. Nd4 Bd1 54. Kb4
Kd6 55. Nb5+ Kc6 56. Nc3 Bb3 57. e4 fxe4 58. Nxe4 Kd5 59. Nf6+ Ke6 60. Nxh7 Kf5
61. Nf8 Bf7 1/2-1/2

[Event "Sygnity Ekstraliga 2016"]
[Site "Gorzow Wlkp. - Wroclaw - Katowice"]
[Date "1899-12-30"]
[Round "6.16"]
[White "Sieciechowicz, Marcin"]
[Black "Warakomski, Tomasz"]
[Result "1/2-1/2"]
[WhiteTitle "IM"]
[BlackTitle "IM"]
[WhiteElo "2437"]
[BlackElo "2486"]

1. d4 Nf6 2. c4 e6 3. Nf3 b6 4. a3 Bb7 5. Nc3 d5 6. cxd5 Nxd5 7. Bd2 Be7 8. Qc2
O-O 9. e4 Nxc3 10. Bxc3 c5 11. dxc5 bxc5 12. Bd3 Nc6 13. e5 Nd4 14. Nxd4 cxd4
15. Rd1 g6 16. Be4 Qc7 17. Rxd4 Qxe5 18. O-O Bxe4 19. Rxe4 Qf5 20. Qa4 Rfd8 21.
Re5 Qd3 22. Qf4 Qd6 23. Bb4 Qd7 24. Bc3 Qd6 25. Bb4 Qd7 26. Bc3 Qd6 1/2-1/2

[Event "Sygnity Ekstraliga 2016"]
[Site "Gorzow Wlkp. - Wroclaw - Katowice"]
[Date "1899-12-30"]
[Round "6.17"]
[White "Szelag, Marcin"]
[Black "Zawadzki, Stanislaw"]
[Result "1-0"]
[WhiteTitle "IM"]
[BlackTitle "IM"]
[WhiteElo "2441"]
[BlackElo "2431"]

1. e4 d6 2. d4 Nf6 3. Nc3 e5 4. Nf3 Nbd7 5. Bc4 Be7 6. a4 O-O 7. O-O c6 8. a5 Rb8
9. Qe2 b5 10. axb6 axb6 11. d5 cxd5 12. exd5 Bb7 13. Ra7 h6 14. Nh4 Re8 15. Nf5
Qc8 16. Nb5 Ba6 17. Nbxd6 Bxc4 18. Nxc4 Qc5 19. d6 Bf8 20. Rc7 Qb5 21. Rd1 Ra8
22. b3 Ra2 23. h3 Kh7 24. Ng3 e4 25. Bb2 e3 26. Bxf6 Nxf6 27. Nxe3 Qe5 28. Qc4
Bxd6 29. Qd3+ 1-0